| 000 | 01074 a2200241 4500 | ||
|---|---|---|---|
| 005 | 20080904125917.0 | ||
| 008 | 080904t xxu||||| |||| 00| 0 hin d | ||
| 010 | _aHIN-79889 | ||
| 020 |
_a8126712716 _c200.00 |
||
| 035 | _aHN-52235 | ||
| 037 | _bD.B.Act / pub | ||
| 082 | _aक | ||
| 100 | _aजगदीश प्रसाद सिंह | ||
| 245 |
_aगंगा-स्नान _cजगदीश प्रसाद सिंह |
||
| 246 |
_aGanga-Snan _bby Dr.Jagdish Prasad Singh |
||
| 260 |
_aनई दिल्ली _bराजकमल प्रकाशन _c2006 |
||
| 270 |
_a1-बी, नेताजी सुभाष मार्ग _bनई दिल्ली _e110002 |
||
| 300 |
_a167पृ _c22 सेमी (सजिल्द) |
||
| 650 | _aहिन्दी कहानियाँ | ||
| 650 | _aHindi Stories | ||
| 942 |
_adpl _cHN _kक / जगदी _2ddc _hक _mजगदी |
||
| 999 |
_c4076 _d4076 |
||